000 005410000a22001810004500
003 MACL
005 20160527134249.0
008 160527b xxu||||| |||| 00| 0 eng d
040 _aMACL
_cMACL
041 _aHindi
082 _a891.433
100 _aपरदेसी
_960173
245 _aऔरत रात और रोटी
_cपरदेसी
260 _bपुष्‍पांजलि प्रकाशन
_c1999
_aदिल्‍ली
350 _a125
650 _aNovel
_960174
942 _cHIN
_k891.433/PAR/N
_2ddc
999 _c11145
_d11145